Who's that Mario character? - Statistics

General Stats
  • This quiz has been taken 2,297 times
  • The average score is 13 of 16
Answer Stats
Picture Answer % Correct
Donkey Kong
97%
Luigi
96%
Toad
95%
Wario
94%
Waluigi
88%
Bowser Jr
84%
Yoshi
84%
Daisy
83%
King Boo
81%
Goomba
77%
Chain Chomp
67%
Dry Bones
67%
Rosalina
67%
Shy Guy
67%
Piranha Plant
64%
Lakitu
53%
No matching quizzes found
Score Distribution
Percent of People with Each Score
Percentile by Number Answered
Your Score History
You have not taken this quiz